000 00430nam a22001817a 4500
999 _c7722
_d7722
003 OSt
005 20220221123405.0
008 220221b ||||| |||| 00| 0 eng d
020 _a9780745642499
040 _cDDC
082 _a363.738
100 _aConnel, Raewyn
_915763
245 _aSouthern theory
260 _aUSA
_b: Cambridge
_c,2007
300 _axvi,271p.
_c; 23 cm
504 _aReferences index
942 _2ddc
_cBOOK